Statistics for Old Norse Names for Places

Click here to take the quiz!

General Stats

  • This quiz has been taken 51 times
  • The average score is 9 of 18

Answer Stats

HintAnswer% Correct
DanmǫrkDenmark
100%
NoregrNorway
95%
SvíþjóðSweden
88%
SakslandGermany (northern)
79%
FrakklandFrance
77%
GarðarikiRussia
60%
VinlandNorth America
58%
LundúnaborgLondon
56%
DyflínDublin
53%
JórvikYork
51%
SikileySicily
33%
MiklagarðrIstanbul
30%
KönugarðrKiev
28%
MarklandLabrador
26%
HolmgarðrNovgorod
26%
BlálandAfrica
23%
JorsálaborgJerusalem
23%
NorvasundStrait of Gibraltar
9%

Score Distribution

Percentile by Number Answered

Percent of People with Each Score

Your Score History

You have not taken this quiz